000 00940nam a2200301 a 4500
008
020 _a9780128012420 (hardback)
049 _aMAIN
090 _aTA147
_bKOS
100 1 _aKosky, Phillip
245 1 0 _aExploring Engineering:
_ban introduction to engineering and design /
_c Kosky Phillip, Balmer Robert, Keat William and Wise George
260 _aUnited Kingdom :
_bElsevier,
_c2016
300 _aFourth Edition.
300 _axxvi, 525 pages :
_billustrations ;
_c24 cm
336 _atext
_btxt
_2rdacontent
337 _aunmediated
_bn
_2rdamedia
338 _avolume
_bnc
_2rdacarrier
500 _aIncludes index.
650 1 _aEngineering.
700 _aWise, George.
700 _aKeat, William.
700 _aBalmer, Robert.
907 _a.b10409191
_b08-09-21
_c08-09-21
003
005 20230123141220.0
040 _cNUST
942 _cBOOKS
_kTA147
_mKOS
999 _c169681
_d169681